JR東日本の始発列車が設定されている駅 - Statistics

General Stats
  • This quiz has been taken 63 times
    27 since last reset
  • The average score is 303 of 422
Answer Stats
Answer % Correct
東京
100%
小山
100%
仙台
100%
盛岡
100%
新青森
100%
鶴見
100%
海芝浦
100%
大川
100%
大宮
100%
那須塩原
95%
郡山
95%
高崎
95%
大崎
95%
新宿
95%
池袋
95%
千葉
95%
品川
95%
平塚
95%
小田原
95%
熱海
95%
上野
95%
いわき
95%
伊東
95%
長岡
90%
長野
90%
大船
90%
東神奈川
90%
八王子
90%
浜川崎
90%
東所沢
90%
西船橋
90%
海浜幕張
90%
蘇我
90%
川越
90%
高麗川
90%
青梅
90%
幕張
90%
四街道
90%
佐倉
90%
銚子
90%
逗子
90%
久里浜
90%
扇町
90%
茅ヶ崎
90%
蒲田
90%
宇都宮
90%
武蔵浦和
90%
我孫子
90%
水戸
90%
成田
90%
成田空港
90%
越後湯沢
86%
新潟
86%
町田
86%
橋本
86%
立川
86%
府中本町
86%
南船橋
86%
新習志野
86%
赤羽
86%
御茶ノ水
86%
三鷹
86%
武蔵小金井
86%
国分寺
86%
高尾
86%
大月
86%
塩山
86%
甲府
86%
辰野
86%
塩尻
86%
拝島
86%
奥多摩
86%
武蔵五日市
86%
津田沼
86%
成東
86%
横須賀
86%
武蔵白石
86%
田町
86%
二宮
86%
国府津
86%
田端
86%
南浦和
86%
古河
86%
籠原
86%
綾瀬
86%
松戸
86%
86%
取手
86%
土浦
86%
下館
86%
友部
86%
安房鴨川
86%
木更津
86%
宝積寺
86%
軽井沢
81%
桜木町
81%
磯子
81%
川崎
81%
武蔵溝ノ口
81%
尻手
81%
吉川美南
81%
南古谷
81%
中野
81%
豊田
81%
韮崎
81%
小淵沢
81%
海老名
81%
小金井
81%
黒磯
81%
新白河
81%
白河
81%
福島
81%
利府
81%
本庄
81%
高萩
81%
前橋
81%
大原
81%
君津
81%
横川
81%
松本
81%
山形
81%
烏山
81%
日光
81%
大網
81%
上越妙高
76%
小机
76%
中山
76%
矢向
76%
武蔵中原
76%
登戸
76%
南越谷
76%
竜王
76%
上諏訪
76%
岡谷
76%
河辺
76%
76%
弁天橋
76%
辻堂
76%
東十条
76%
白石
76%
岩沼
76%
小牛田
76%
北上
76%
鴻巣
76%
勝田
76%
原ノ町
76%
伊勢崎
76%
茂原
76%
上総一ノ宮
76%
石巻
76%
鹿島神宮
76%
稲城長沼
71%
指扇
71%
富士見
71%
茅野
71%
御嶽
71%
一ノ関
71%
深谷
71%
新前橋
71%
水上
71%
勝浦
71%
姉ケ崎
71%
上総湊
71%
館山
71%
千倉
71%
佐原
71%
篠ノ井
71%
新津
71%
あおば通
71%
青森
71%
常陸大宮
71%
上菅谷
71%
常陸太田
71%
久留里
71%
東金
71%
弥彦
71%
花巻
71%
八戸
71%
小田栄
67%
氏家
67%
松島
67%
岩切
67%
渋川
67%
越後中里
67%
桐生
67%
誉田
67%
村上
67%
秋田
67%
会津若松
67%
松島海岸
67%
米沢
67%
新庄
67%
東能代
67%
大前
67%
常陸大子
67%
上総亀山
67%
小諸
67%
飯山
67%
信濃大町
67%
南小谷
67%
東三条
67%
古川
67%
釜石
67%
大曲
67%
西国立
62%
横芝
62%
山下
62%
安房小湊
62%
新発田
62%
酒田
62%
喜多方
62%
愛子
62%
多賀城
62%
高城町
62%
天童
62%
院内
62%
横手
62%
小川町
62%
長野原草津口
62%
鹿沼
62%
吉田
62%
宮古
62%
久慈
62%
左沢
62%
男鹿
62%
矢吹
57%
本宮
57%
石越
57%
柏崎
57%
聖高原
57%
鶴岡
57%
羽後本荘
57%
五泉
57%
作並
57%
東塩釜
57%
庭坂
57%
村山
57%
湯沢
57%
八郎潟
57%
弘前
57%
箱根ケ崎
57%
万座・鹿沢口
57%
越後川口
57%
ほっとゆだ
57%
野辺地
57%
大湊
57%
雫石
57%
田沢湖
57%
坂町
57%
大河原
52%
広野
52%
石打
52%
直江津
52%
明科
52%
鼠ケ関
52%
あつみ温泉
52%
追分
52%
大館
52%
児玉
52%
磐城棚倉
52%
磐城石川
52%
野辺山
52%
小海
52%
十日町
52%
穂高
52%
白馬
52%
小出
52%
前谷地
52%
女川
52%
柳津
52%
気仙沼
52%
鳴子温泉
52%
余目
52%
鹿角花輪
52%
52%
蟹田
52%
寒河江
52%
角館
52%
深浦
52%
久ノ浜
48%
新地
48%
豊栄
48%
磐梯熱海
48%
小鶴新田
48%
鷹ノ巣
48%
津軽新城
48%
群馬藤岡
48%
戸狩野沢温泉
48%
森宮野原
48%
小野新町
48%
藤田
43%
日詰
43%
矢幅
43%
柿崎
43%
真室川
43%
中込
43%
43%
今泉
43%
会津坂下
43%
遠野
43%
能代
43%
鰺ケ沢
43%
草野
38%
水原
38%
出雲崎
38%
小国
38%
会津川口
38%
大白川
38%
上米内
38%
茂市
38%
寺泊
33%
松川
33%
新屋
33%
馬下
33%
碇ケ関
33%
有明
33%
内野
33%
最上
33%
荒屋新町
33%
保田
29%
羽生田
29%
津川
29%
横堀
29%
越後曽根
29%
小川郷
29%
藤根
29%
階上
29%
赤渕
29%
野沢
24%
千厩
24%
川内
24%
手ノ子
24%
新崎
19%
関屋
19%
越後下関
19%
赤倉温泉
19%
岩館
19%
No matching quizzes found
Score Distribution
Percent of People with Each Score
Percentile by Number Answered
Your Score History
You have not taken this quiz since the last reset